000 00355nam a2200145Ia 4500
008 230917s9999||||xx |||||||||||||| ||und||
040 _e131614
_aMAIN
041 _aEnglish
082 _a784.01 B764S
100 _aBrahspati, Acharya
245 0 _aSangeet chintamani. V2
260 _aHathras
_bSangeet Karyalaya
_c1987
300 _a251 p.
942 _cBK
999 _c55911
_d55911